[Event "Muensterland Verbandsliga 1011"]
[Site "Germany"]
[Date "2011.03.26"]
[Round "8.4"]
[White "Webner, Dennis"]
[Black "Urbansky, Jan"]
[Result "1/2-1/2"]
[WhiteElo "1889"]
[BlackElo "1911"]
[PlyCount "92"]
[EventDate "2010.09.25"]
[EventType "team-tourn"]
[EventRounds "9"]
[EventCountry "GER"]
[SourceTitle "EXT 2012"]
[Source "ChessBase"]
[SourceDate "2011.11.24"]
[SourceVersion "1"]
[SourceVersionDate "2011.11.24"]
[SourceQuality "1"]
[WhiteTeam "Nienberge"]
[BlackTeam "Heiden"]
[WhiteTeamCountry "GER"]
[BlackTeamCountry "GER"]

1. d4 d5 2. Nf3 e6 3. e3 Nf6 4. Bd3 c5 5. b3 Nc6 6. Bb2 Bd6 7. Nbd2 0-0 8. 0-0 Qe7 9. Ne5 cxd4 10. exd4 Ba3 11. Bxa3 Qxa3 12. Ndf3 Bd7 13. Ng5 h6 14. Ngf3 Rac8 15. Nxc6 bxc6 16. c4 c5 17. Ne5 cxd4 18. cxd5 Qd6 19. Nxd7 Nxd7 20. dxe6 fxe6 21. Rc1 e5 22. Qg4 Rxc1 23. Rxc1 Nc5 24. Bb5 a5 25. h4 Kh8 26. Rd1 Ne6 27. Rc1 Nc5 28. Rd1 Rd8 29. Bd3 Nxd3 30. Rxd3 Qd5 31. f3 Rf8 32. g3 Qc6 33. Qe4 Qxe4 34. fxe4 Rc8 35. Kf1 Rc2 36. a3 Rb2 37. Rf3 Kg8 38. Ke1 g6 39. Kf1 Kg7 40. Ke1 Ra2 41. a4 Rc2 42. Kd1 Rg2 43. Ke1 Rg1+ 44. Ke2 Rc1 45. Kd2 Rc6 46. Ke2 Rc2+ 1/2-1/2

[Event "Muensterland Verbandsliga 1011"]
[Site "Germany"]
[Date "2011.02.26"]
[Round "7.4"]
[White "Urbansky, Jan"]
[Black "Hoge, Reinhard"]
[Result "1/2-1/2"]
[WhiteElo "1911"]
[BlackElo "1929"]
[PlyCount "91"]
[EventDate "2010.09.25"]
[EventType "team-tourn"]
[EventRounds "9"]
[EventCountry "GER"]
[SourceTitle "EXT 2012"]
[Source "ChessBase"]
[SourceDate "2011.11.24"]
[SourceVersion "1"]
[SourceVersionDate "2011.11.24"]
[SourceQuality "1"]
[WhiteTeam "Heiden"]
[BlackTeam "Saerbeck"]
[WhiteTeamCountry "GER"]
[BlackTeamCountry "GER"]

1. c4 g6 2. g3 Bg7 3. Bg2 f5 4. Nc3 Nf6 5. e3 0-0 6. Nge2 d6 7. d3 a5 8. 0-0 Na6 9. Rb1 e5 10. a3 Rb8 11. Bd2 Be6 12. Nd5 c6 13. Nxf6+ Bxf6 14. b4 axb4 15. axb4 d5 16. c5 Nc7 17. d4 Nb5 18. Bc3 Nxc3 19. Nxc3 f4 20. exf4 exd4 21. Ne2 Bf5 22. Rb3 d3 23. Nc1 b6 24. g4 d2 25. Qxd2 Bxg4 26. b5 bxc5 27. bxc6 d4 28. Qc2 Qd6 29. Rxb8 Rxb8 30. Nd3 Be7 31. Re1 Bf5 32. h3 Rf8 33. Qe2 Bd8 34. Qe5 Qxe5 35. Nxe5 Ba5 36. Rc1 Bb4 37. Bf1 Rc8 38. Kg2 Be4+ 39. f3 Bxc6 40. Ba6 Rc7 41. Nd3 Bc3 42. Nxc5 Bd5 43. Ne4 Kg7 44. Bd3 Be6 45. Ng5 Bd7 46. Ne4 1/2-1/2

[Event "Muensterland Verbandsliga 1011"]
[Site "Germany"]
[Date "2011.02.05"]
[Round "6.4"]
[White "Liesmann, Karsten"]
[Black "Urbansky, Jan"]
[Result "1-0"]
[WhiteElo "1964"]
[BlackElo "1911"]
[PlyCount "27"]
[EventDate "2010.09.25"]
[EventType "team-tourn"]
[EventRounds "9"]
[EventCountry "GER"]
[SourceTitle "EXT 2012"]
[Source "ChessBase"]
[SourceDate "2011.11.24"]
[SourceVersion "1"]
[SourceVersionDate "2011.11.24"]
[SourceQuality "1"]
[WhiteTeam "Bocholt"]
[BlackTeam "Heiden"]
[WhiteTeamCountry "GER"]
[BlackTeamCountry "GER"]

1. d4 Nf6 2. Nf3 g6 3. Nc3 d5 4. Bf4 c6 5. Qd2 Qa5 6. Ne5 Bf5 7. f3 Qb6 8. 0-0-0 Na6 9. e4 dxe4 10. Bc4 Nd5 11. fxe4 Nxc3 12. Bxf7+ Kd8 13. Qxc3 Bxe4 14. d5 1-0

[Event "Muensterland Verbandsliga 1011"]
[Site "Germany"]
[Date "2010.10.30"]
[Round "2.3"]
[White "Urbansky, Jan"]
[Black "Rehfeldt, Frank"]
[Result "1/2-1/2"]
[WhiteElo "1911"]
[BlackElo "2037"]
[PlyCount "59"]
[EventDate "2010.09.25"]
[EventType "team-tourn"]
[EventRounds "9"]
[EventCountry "GER"]
[SourceTitle "EXT 2012"]
[Source "ChessBase"]
[SourceDate "2011.11.24"]
[SourceVersion "1"]
[SourceVersionDate "2011.11.24"]
[SourceQuality "1"]
[WhiteTeam "Heiden"]
[BlackTeam "Ostbevern Westbevern"]
[WhiteTeamCountry "GER"]
[BlackTeamCountry "GER"]

1. c4 c6 2. g3 d5 3. Bg2 Nf6 4. Nf3 a6 5. 0-0 g6 6. b3 Bg7 7. Bb2 0-0 8. d3 Nbd7 9. Nbd2 b5 10. Qc2 Bb7 11. e4 Rc8 12. Rfe1 Qb6 13. h3 e6 14. Rac1 c5 15. exd5 exd5 16. d4 bxc4 17. bxc4 Ne4 18. Nxe4 dxe4 19. Ne5 Nxe5 20. dxe5 Qe6 21. h4 Bxe5 22. Bxe4 Bxb2 23. Bxb7 Qb6 24. Bxc8 Bxc1 25. Bxa6 Qxa6 26. Rxc1 h5 27. Rb1 Ra8 28. Rb2 Re8 29. Rb1 Ra8 30. Rb2 1/2-1/2

[Event "Muensterland Verbandsliga 1011"]
[Site "Germany"]
[Date "2010.09.25"]
[Round "1.4"]
[White "Urbansky, Jan"]
[Black "Meyer, Ulrich"]
[Result "0-1"]
[WhiteElo "1911"]
[BlackElo "1905"]
[PlyCount "100"]
[EventDate "2010.09.25"]
[EventType "team-tourn"]
[EventRounds "9"]
[EventCountry "GER"]
[SourceTitle "EXT 2012"]
[Source "ChessBase"]
[SourceDate "2011.11.24"]
[SourceVersion "1"]
[SourceVersionDate "2011.11.24"]
[SourceQuality "1"]
[WhiteTeam "Heiden"]
[BlackTeam "Sendenhorst"]
[WhiteTeamCountry "GER"]
[BlackTeamCountry "GER"]

1. c4 e5 2. g3 Nc6 3. Bg2 g6 4. Nc3 Bg7 5. d3 d6 6. e3 Be6 7. Nge2 Qd7 8. Qb3 Nd8 9. h4 h5 10. Bd2 Nh6 11. Qa3 c6 12. Ne4 c5 13. N2c3 Nc6 14. Nd5 Bxd5 15. cxd5 Ne7 16. Ng5 0-0 17. 0-0 a5 18. Qb3 b5 19. a4 b4 20. e4 Nc8 21. Qc2 Qe7 22. Rae1 Nb6 23. b3 Ng4 24. Qc1 Nf6 25. Nh3 Nh7 26. Bh6 f6 27. Bxg7 Kxg7 28. f4 Kh8 29. f5 Rg8 30. fxg6 Rxg6 31. Re3 Rag8 32. Rff3 Qg7 33. Kf1 Nf8 34. Qe1 Nbd7 35. Ng1 Rg4 36. Qf2 Ng6 37. Rf5 Qh6 38. Bh3 Ne7 39. Bxg4 hxg4 40. Ke2 Qg6 41. h5 Qh6 42. Kd2 c4 43. dxc4 Nxf5 44. Qxf5 Nc5 45. Ke2 Qg5 46. Qf2 Kg7 47. h6+ Kxh6 48. Kf1 Kg7 49. Re2 Rf8 50. Kg2 f5 0-1

[Event "Duesseldorf Nord Cup 8th GrL"]
[Site "Duesseldorf"]
[Date "2008.08.03"]
[Round "5"]
[White "Urbansky, Jan"]
[Black "Mauelshagen, Christian"]
[Result "1/2-1/2"]
[WhiteElo "1455"]
[BlackElo "1322"]
[PlyCount "54"]
[EventDate "2008.08.01"]
[EventType "tourn"]
[EventRounds "5"]
[EventCountry "GER"]
[SourceTitle "EXT 2020"]
[Source "ChessBase"]
[SourceDate "2019.10.17"]
[SourceVersion "1"]
[SourceVersionDate "2019.10.17"]
[SourceQuality "1"]

1. Nf3 e6 2. e4 d5 3. exd5 exd5 4. d4 Nf6 5. Bg5 Bg4 6. Nbd2 Nbd7 7. Bd3 c6 8. Qe2+ Qe7 9. Qxe7+ Bxe7 10. c3 0-0 11. 0-0 Rfe8 12. Rfe1 Bd6 13. h3 Bxf3 14. Nxf3 h6 15. Bxf6 Nxf6 16. Re3 Rxe3 17. fxe3 Bg3 18. Kf1 Re8 19. Ke2 b6 20. b4 a5 21. a3 axb4 22. axb4 b5 23. Ra7 Rc8 24. Nd2 g6 25. Nf1 Bd6 26. Kf3 Rc7 27. Rxc7 Bxc7 1/2-1/2